01648nam a2200385 a 4500001001000000003000500010005001700015008004100032010001100073011001100084040000900095090001000104100003900114245016800153260004100321500006000362502008200422590004100504590004100545590004000586590004000626590004000666650002700706650003400733650003200767650003900799650004600838856007000884901000700954942001000961942000600971999001900977952013100996952013501127000113266CHAP20220329144346.0170529s2016 mx sm |||||||spa d a109727 a110699 cCHAP aTesis1 aHernández Ortiz, Cecilia913237310aAlimentación de aves (Tyrannidae) insectivoras en un rodal de pinuus cembroides (Zucc.) conservado y semiconservadoh[En línea]cpor Cecilia Hernández Ortiz. aChapingo, Méx. :bEl autor,c2016. aPara ver el contenido del material haga clic en la liga aTesis (Ing. en Recursos Naturales Renovables) -- UACH. Departamento de Suelos aBATCH-UPDb05c20170529lUCH01h1122 aBATCH-UPDb05c20170529lUCH01h1125 aE5765TAJb05c20170529lUCH01h1121 aE5765TAJb05c20170529lUCH01h1122 aE5765TAJb05c20170529lUCH01h112514aAves e insectos.9868914aAvesxAlimentación.913240614aEcología forestal.93517614aInsectosxIdentificación.95892914aTyrannidaexHábitos y conducta.9132374 aFinding aiduhttp://10.13.5.2/tesis/sist113266.pdfzTeclea aquí aBK cTESIS n0 c109727d109727 00104054718TESISaBCbBCd2017-05-29fTESISl0oTesisp113268-10r2019-12-31 00:00:00w2019-12-31yTESISzRecien adquirido 00102local4053708TESISaBCbBCcPA_TESISd2017-05-29fTESISl0oTesisp113268-20r2019-12-31 00:00:00tc.2w2019-12-31yTESIS